[Event "4NCL Division 2a"]
[Site "Telford, ENG"]
[Date "2017.03.04"]
[Round "7.12"]
[White "Harari, Zaki"]
[Black "Page, Mark E"]
[Result "0-1"]
[WhiteElo "2088"]
[BlackElo "2117"]
[PlyCount "84"]
[EventDate "2017.03.04"]
[WhiteTeam "Barbican 4NCL Youth"]
[BlackTeam "Warwickshire Select 2"]

1. e4 c5 2. Nf3 d6 3. d4 cxd4 4. Qxd4 a6 5. c4 Nf6 6. Nc3 Nc6 7. Qe3 g6 8. h3
Bg7 9. Be2 O-O 10. O-O Be6 11. Rb1 h6 12. b3 Nd7 13. Bb2 Rb8 14. Rfd1 Qb6 15.
Qd2 Nde5 16. Nxe5 dxe5 17. Nd5 Bxd5 18. exd5 Nd4 19. Bf1 Rfd8 20. b4 Qa7 21. a4
b5 22. Bxd4 exd4 23. cxb5 axb5 24. Bxb5 Rxd5 25. Bc4 Rg5 26. a5 Qa8 27. Bf1 Rc8
28. Rb3 e5 29. b5 e4 30. a6 d3 31. Rc1 Bd4 32. b6 Qxa6 33. Rxc8+ Qxc8 34. Qf4
Rf5 35. Qxe4 Bxf2+ 36. Kh1 d2 37. Qe2 Rd5 38. b7 Qb8 39. Qd1 Ba7 40. Rb1 Qf4
41. Qb3 Bb8 42. g3 Qe4+ 0-1

[Event "4NCL Division 2a"]
[Site "Telford, ENG"]
[Date "2017.03.04"]
[Round "7.13"]
[White "Purcell, Philip"]
[Black "Stewart, Ashley"]
[Result "0-1"]
[WhiteElo "2080"]
[BlackElo "2120"]
[PlyCount "80"]
[EventDate "2017.03.04"]
[WhiteTeam "Warwickshire Select 2"]
[BlackTeam "Barbican 4NCL Youth"]

1. d4 Nf6 2. c4 g6 3. Nc3 Bg7 4. e4 d6 5. h3 O-O 6. Be3 e5 7. d5 Na6 8. Nf3 Nc5
9. Qc2 a5 10. Be2 Nh5 11. g3 f5 12. Bxc5 dxc5 13. Nd2 Nf6 14. Bd3 Ne8 15. O-O-O
Nd6 16. Rde1 b6 17. Kb1 Bd7 18. a4 fxe4 19. Ndxe4 Nf5 20. Ne2 Nd4 21. Nxd4 cxd4
22. h4 Qe7 23. Ka2 Qb4 24. b3 Rf3 25. Ng5 Raf8 26. Nxf3 Rxf3 27. Rd1 e4 28.
Bxe4 Rc3 29. Qb2 d3 30. Bxd3 Rxd3 31. Qxg7+ Kxg7 32. Rxd3 Bf5 33. Re3 Qd2+ 34.
Ka1 Qd4+ 35. Ka2 Qd2+ 36. Ka1 Qxf2 37. Rhe1 Qc2 38. Rg1 Bd3 39. Rge1 Qxb3 40.
g4 Qa3# 0-1

[Event "4NCL Division 2a"]
[Site "Telford, ENG"]
[Date "2017.03.04"]
[Round "7.14"]
[White "Hodgson, John H"]
[Black "Ingram, Keith R"]
[Result "1/2-1/2"]
[WhiteElo "2118"]
[BlackElo "1978"]
[PlyCount "98"]
[EventDate "2017.03.04"]
[WhiteTeam "Barbican 4NCL Youth"]
[BlackTeam "Warwickshire Select 2"]

1. e4 e5 2. Nf3 Nc6 3. Bb5 a6 4. Ba4 Nf6 5. O-O Be7 6. Re1 b5 7. Bb3 d6 8. c3
O-O 9. h3 Na5 10. Bc2 c5 11. d4 Nd7 12. Nbd2 cxd4 13. cxd4 Nc6 14. d5 Nb4 15.
Bb1 a5 16. a3 Na6 17. b4 axb4 18. axb4 Nb6 19. Qb3 Bd7 20. Bd3 Nc7 21. Rxa8
Qxa8 22. Nb1 Qa4 23. Nfd2 Bg5 24. Nc3 Qa7 25. Nf1 Bxc1 26. Rxc1 Ra8 27. Ne3 g6
28. Kh2 Qa3 29. Rb1 Kg7 30. Nc2 Qxb3 31. Rxb3 Na4 32. Na3 Nxc3 33. Rxc3 Ra7 34.
Kg3 f5 35. f3 Rb7 36. Kf2 f4 37. Nc2 Ra7 38. Ra3 Rxa3 39. Nxa3 g5 40. Nb1 Kf6
41. Nc3 Ke7 42. Bf1 Kd8 43. Be2 Kc8 44. Bf1 Kb7 45. Be2 Kb6 46. Bf1 Ne8 47. Be2
Nf6 48. Bf1 h6 49. Be2 h5 1/2-1/2

[Event "4NCL Division 2a"]
[Site "Telford, ENG"]
[Date "2017.03.04"]
[Round "7.15"]
[White "Cundy, Mark A"]
[Black "Klingher, Dominic"]
[Result "0-1"]
[WhiteElo "1965"]
[BlackElo "2054"]
[PlyCount "54"]
[EventDate "2017.03.04"]
[WhiteTeam "Warwickshire Select 2"]
[BlackTeam "Barbican 4NCL Youth"]

1. e4 d6 2. d4 Nf6 3. Nc3 Nbd7 4. f4 e5 5. Nf3 exd4 6. Qxd4 c6 7. Be3 d5 8.
exd5 Bc5 9. Qd2 O-O 10. O-O-O Qc7 11. d6 Qa5 12. Kb1 Bxe3 13. Qxe3 Re8 14. Qd2
b5 15. Nd4 b4 16. Nce2 Ne4 17. Qe1 Qc5 18. Ka1 Ndf6 19. Nb3 Qb6 20. Ned4 a5 21.
Bc4 a4 22. Nc1 Nxd6 23. Qf1 Nxc4 24. Qxc4 c5 25. Qb5 Qc7 26. Qc6 Qa5 27. Nf3
Ra6 0-1

[Event "4NCL Division 2a"]
[Site "Telford, ENG"]
[Date "2017.03.04"]
[Round "7.16"]
[White "Sarkans, Elivjs"]
[Black "Ali, Golam S"]
[Result "0-1"]
[WhiteElo "2012"]
[BlackElo "1967"]
[PlyCount "85"]
[EventDate "2017.03.04"]
[WhiteTeam "Barbican 4NCL Youth"]
[BlackTeam "Warwickshire Select 2"]

1. e4 c5 2. Nf3 d6 3. d4 cxd4 4. Nxd4 Nf6 5. Nc3 a6 6. Be3 Nc6 7. Qd2 e6 8.
O-O-O Qc7 9. f3 Be7 10. g4 O-O 11. h4 Nxd4 12. Bxd4 b5 13. h5 Bb7 14. g5 b4 15.
Na4 Nd7 16. b3 Rac8 17. Bd3 Bc6 18. Nb2 Bb5 19. Be3 Ne5 20. f4 Nxd3+ 21. Nxd3
d5 22. e5 Qa5 23. Kb1 Rc6 24. Rc1 Rfc8 25. Bd4 Rc3 26. Rhd1 Qa3 27. Rf1 a5 28.
Rfd1 a4 29. Nb2 Ra8 30. Bxc3 axb3 31. cxb3 bxc3 32. Rxc3 Qxa2+ 33. Kc2 Bb4 34.
Rc1 Qa6 35. Kd1 Bxc3 36. Rxc3 Qb6 37. Qc1 Qg1+ 38. Kc2 Qg2+ 39. Kb1 Ba6 40. h6
d4 41. Rc6 Bd3+ 42. Rc2 Bxc2+ 43. Qxc2 0-1

[Event "4NCL Division 2a"]
[Site "Telford, ENG"]
[Date "2017.03.04"]
[Round "7.18"]
[White "Klingher, Bernard"]
[Black "Kearney, James"]
[Result "0-1"]
[WhiteElo "1304"]
[BlackElo "1700"]
[PlyCount "76"]
[EventDate "2017.03.04"]
[WhiteTeam "Barbican 4NCL Youth"]
[BlackTeam "Warwickshire Select 2"]

1. d4 Nf6 2. Bf4 g6 3. Nc3 d5 4. Nf3 Bg7 5. e3 O-O 6. Be2 b6 7. O-O Bb7 8. h3
c5 9. Nb5 Nc6 10. c3 a6 11. Na3 Re8 12. Nc2 Ne4 13. Nd2 e5 14. dxe5 Bxe5 15.
Nxe4 dxe4 16. Qxd8 Raxd8 17. Bh6 Rd2 18. Bc4 b5 19. Bxf7+ Kxf7 20. Rad1 Red8
21. Rxd2 Rxd2 22. Rc1 Kf6 23. Bf8 Bd6 24. Bxd6 Rxd6 25. Ne1 Ne5 26. f4 Nc4 27.
Kf2 Nxb2 28. Rc2 Nd3+ 29. Nxd3 exd3 30. Rd2 Be4 31. g4 a5 32. Kg3 b4 33. cxb4
axb4 34. g5+ Ke6 35. h4 c4 36. h5 c3 37. Rd1 c2 38. Rc1 d2 0-1

[Event "4NCL Division 2a"]
[Site "Telford, ENG"]
[Date "2017.03.04"]
[Round "7.21"]
[White "Rudd, Jack"]
[Black "Graham, David B"]
[Result "1/2-1/2"]
[WhiteElo "2177"]
[BlackElo "2184"]
[PlyCount "84"]
[EventDate "2017.03.04"]
[WhiteTeam "West is Best 1"]
[BlackTeam "Sussex Martlets 1"]

1. d4 Nf6 2. c4 g6 3. Nc3 Bg7 4. e4 d6 5. Be2 O-O 6. Bg5 c5 7. d5 Qa5 8. f3 e6
9. Qd2 exd5 10. cxd5 a6 11. Bh6 b5 12. Bxg7 Kxg7 13. Nd1 Qxd2+ 14. Kxd2 Nh5 15.
a4 Nf4 16. Ne3 Bd7 17. axb5 Nxe2 18. Nxe2 Bxb5 19. Nc3 Nd7 20. Ra5 Rab8 21.
Rha1 c4 22. Ne2 Nc5 23. Nd4 Rfc8 24. Rc1 Nd3 25. Rc2 Nxb2 26. Ra3 Nd3 27. Nc6
Bxc6 28. dxc6 Nc5 29. Nxc4 Rxc6 30. Nb2 Nb3+ 31. Kd1 Rxc2 32. Kxc2 Nd4+ 33. Kb1
Rb6 34. Rd3 Nb5 35. Kc2 Rc6+ 36. Kb3 Rc1 37. Nc4 Rg1 38. Rd2 Kf8 39. Kb4 Ke7
40. Ka5 Rc1 41. Ne3 Nc7 42. Kb6 Rc3 1/2-1/2

[Event "4NCL Division 2a"]
[Site "Telford, ENG"]
[Date "2017.03.04"]
[Round "7.22"]
[White "Norton, David S"]
[Black "Edgell, Ben P"]
[Result "1/2-1/2"]
[WhiteElo "2170"]
[BlackElo "2120"]
[PlyCount "114"]
[EventDate "2017.03.04"]
[WhiteTeam "Sussex Martlets 1"]
[BlackTeam "West is Best 1"]

1. Nf3 e6 2. g3 Nf6 3. Bg2 d5 4. O-O Be7 5. d4 O-O 6. c4 c6 7. Nbd2 b6 8. Qc2
Ba6 9. Rd1 Nbd7 10. b3 Rc8 11. e4 Bb7 12. e5 Ne8 13. Nf1 Nc7 14. Ne3 dxc4 15.
bxc4 b5 16. h4 Nb6 17. Rb1 bxc4 18. Nxc4 Ncd5 19. Na5 Qd7 20. Ng5 Bxg5 21. hxg5
Qe7 22. Be4 g6 23. Qb3 Ba6 24. Ba3 Qxg5 25. Bxf8 Kxf8 26. Bd3 Bb5 27. Rdc1 Ba4
28. Qa3+ Kg7 29. Nc4 Ra8 30. Bf1 h5 31. Qf3 h4 32. Nd6 Rf8 33. Ne4 Qe7 34. Re1
Bc2 35. Rbc1 Bxe4 36. Rxe4 hxg3 37. fxg3 Qb4 38. Rxc6 Qa4 39. Rc1 Qxa2 40. Qe2
Qa3 41. Qe1 Rd8 42. Ra1 Qe7 43. Rh4 Rh8 44. Qe4 Rxh4 45. Qxh4 Qxh4 46. gxh4 Ne3
47. Rxa7 Nf5 48. Rb7 Nd5 49. Bc4 Nxd4 50. Bxd5 exd5 51. Rd7 Nf3+ 52. Kf2 Nxe5
53. Rxd5 Ng4+ 54. Kf3 Nh6 55. Ra5 Nf5 56. Kg4 Nd4 57. Ra6 Ne6 1/2-1/2

[Event "4NCL Division 2a"]
[Site "Telford, ENG"]
[Date "2017.03.04"]
[Round "7.23"]
[White "Stewart, Joseph J"]
[Black "Grant, David J"]
[Result "1/2-1/2"]
[WhiteElo "2146"]
[BlackElo "2091"]
[PlyCount "68"]
[EventDate "2017.03.04"]
[WhiteTeam "West is Best 1"]
[BlackTeam "Sussex Martlets 1"]

1. e4 c5 2. Nf3 d6 3. d4 cxd4 4. Nxd4 Nf6 5. Nc3 Nc6 6. Be2 e5 7. Nf3 h6 8. h3
Be6 9. Be3 Be7 10. O-O O-O 11. a3 Rc8 12. Re1 Qd7 13. Bf1 Nh7 14. Nd5 Bd8 15.
c4 f5 16. exf5 Bxf5 17. b4 b6 18. Rc1 Nf6 19. Be2 Ne7 20. Nxf6+ Rxf6 21. Nd2
Ng6 22. Bg4 Nh4 23. g3 Rg6 24. Bh5 Qb7 25. Nf3 Nxf3+ 26. Bxf3 Qd7 27. Bh5 Rf6
28. h4 Be7 29. Bf3 Rcf8 30. Qd5+ Be6 31. Bg4 Bxd5 32. Bxd7 Bb7 33. Bg4 Rg6 34.
Bh5 Rgf6 1/2-1/2

[Event "4NCL Division 2a"]
[Site "Telford, ENG"]
[Date "2017.03.04"]
[Round "7.24"]
[White "Willson, Ollie"]
[Black "Stephens, John KF"]
[Result "1/2-1/2"]
[WhiteElo "2039"]
[BlackElo "2125"]
[PlyCount "154"]
[EventDate "2017.03.04"]
[WhiteTeam "Sussex Martlets 1"]
[BlackTeam "West is Best 1"]

1. d4 d5 2. c4 c6 3. Nf3 Nf6 4. Nc3 e6 5. Bg5 dxc4 6. e4 b5 7. Be2 Be7 8. O-O
Bb7 9. e5 Nd5 10. Bxe7 Nxc3 11. bxc3 Qxe7 12. a4 a6 13. Nd2 c5 14. Bf3 cxd4 15.
axb5 dxc3 16. bxa6 Rxa6 17. Rb1 Ra7 18. Nxc4 O-O 19. Nd6 c2 20. Qxc2 Bxf3 21.
gxf3 Qg5+ 22. Kh1 Qxe5 23. Nc4 Qf4 24. Qe4 Qxe4 25. fxe4 Nd7 26. Rfd1 Nf6 27.
f3 g6 28. Kg2 Rc8 29. Rb4 Ra2+ 30. Rd2 Rxd2+ 31. Nxd2 Rc2 32. Rd4 Kg7 33. Kf2
Nh5 34. Ke3 Rc3+ 35. Rd3 Rxd3+ 36. Kxd3 e5 37. Nc4 Kf6 38. Ke3 Nf4 39. Kf2 Ke6
40. Ne3 f5 41. Nc4 Nh3+ 42. Kg3 Ng5 43. exf5+ gxf5 44. f4 exf4+ 45. Kxf4 Kf6
46. Ne3 Ne6+ 47. Kf3 Kg6 48. Ng2 Kg5 49. Kg3 Nd4 50. Nf4 Kf6 51. Nd3 Ne6 52.
Kf3 Kg5 53. Kg3 f4+ 54. Kf3 Kf5 55. Nf2 Ng5+ 56. Ke2 Ne4 57. Nd3 Ng5 58. Nf2
Ne6 59. Kf3 Nd4+ 60. Kg2 h6 61. Kh3 Nf3 62. Kg2 Ng5 63. Nd1 h5 64. Nc3 h4 65.
Nd1 f3+ 66. Kf2 Kf4 67. Nb2 Ne4+ 68. Kf1 Nf6 69. Nc4 Ng4 70. Kg1 h3 71. Nd2 f2+
72. Kf1 Ke3 73. Nc4+ Kd4 74. Nb2 Ke4 75. Nd1 Kf3 76. Nxf2 Nxf2 77. Kg1 Ke2
1/2-1/2

[Event "4NCL Division 2a"]
[Site "Telford, ENG"]
[Date "2017.03.04"]
[Round "7.25"]
[White "Bullen, Alex"]
[Black "Tebbs, Howard L"]
[Result "1-0"]
[WhiteElo "2098"]
[BlackElo "2094"]
[PlyCount "107"]
[EventDate "2017.03.04"]
[WhiteTeam "West is Best 1"]
[BlackTeam "Sussex Martlets 1"]

1. e4 c6 2. d4 d5 3. Nc3 dxe4 4. Nxe4 Nf6 5. Nxf6+ gxf6 6. c3 Nd7 7. Nf3 Nb6 8.
g3 Bg4 9. Bg2 Qd7 10. O-O h5 11. Qd3 O-O-O 12. a4 Bf5 13. Qe2 Qe6 14. Re1 Qxe2
15. Rxe2 Nc4 16. b3 Bd3 17. Re1 Na5 18. Nd2 e6 19. Re3 Ba6 20. Rf3 f5 21. b4
Nc4 22. Nb3 Nd6 23. Bg5 Re8 24. Re3 Bc4 25. Nd2 Bd5 26. Bf1 h4 27. f3 hxg3 28.
hxg3 f4 29. Bxf4 Nf5 30. Re2 Rg8 31. Kf2 Bg7 32. Rc1 b5 33. axb5 cxb5 34. g4
Bh6 35. Bxh6 Nxh6 36. Ne4 Bxe4 37. Rxe4 f5 38. gxf5 Nxf5 39. Bxb5 Re7 40. Bc4
Rg6 41. Re5 Nd6 42. Bb3 Kd7 43. Rce1 Nf7 44. Ra5 Kc8 45. Ra6 Nd8 46. d5 Kb7 47.
b5 Rg5 48. c4 e5 49. d6 Rh7 50. c5 Rh2+ 51. Ke3 e4 52. c6+ Nxc6 53. bxc6+ Kxa6
54. d7 1-0

[Event "4NCL Division 2a"]
[Site "Telford, ENG"]
[Date "2017.03.04"]
[Round "7.26"]
[White "Norinkeviciute, Rasa"]
[Black "Littlejohns, David P"]
[Result "1/2-1/2"]
[WhiteElo "1990"]
[BlackElo "2005"]
[PlyCount "52"]
[EventDate "2017.03.04"]
[WhiteTeam "Sussex Martlets 1"]
[BlackTeam "West is Best 1"]

1. c4 c6 2. e4 d5 3. cxd5 cxd5 4. exd5 Nf6 5. d4 Nxd5 6. Nf3 Nc6 7. Be2 Bg4 8.
Nc3 e6 9. O-O Be7 10. h3 Bh5 11. Ne5 Bxe2 12. Nxe2 O-O 13. Nxc6 bxc6 14. b3 Qb6
15. Bb2 Bf6 16. Rc1 Rac8 17. Ba3 Rfd8 18. Rc4 Qb7 19. Bc5 Be7 20. Bxe7 Qxe7 21.
Qc1 Qd6 22. Rd1 h6 23. Qd2 Nb6 24. Rc2 Nd5 25. Rc4 Nb6 26. Rc2 Nd5 1/2-1/2

[Event "4NCL Division 2a"]
[Site "Telford, ENG"]
[Date "2017.03.04"]
[Round "7.27"]
[White "Richardt, Mike"]
[Black "Graham, Cassie M"]
[Result "0-1"]
[WhiteElo "2036"]
[BlackElo "1852"]
[PlyCount "60"]
[EventDate "2017.03.04"]
[WhiteTeam "West is Best 1"]
[BlackTeam "Sussex Martlets 1"]

1. d4 Nf6 2. c4 g6 3. Nc3 Bg7 4. e4 d6 5. f4 O-O 6. Nf3 c5 7. d5 e6 8. Be2 exd5
9. exd5 Re8 10. O-O Bf5 11. Bd3 Qd7 12. Qc2 Bxd3 13. Qxd3 Na6 14. a3 Nc7 15. f5
a6 16. fxg6 hxg6 17. Bg5 b5 18. Nd2 Nh7 19. Bf4 Be5 20. Qg3 Re7 21. Rae1 Bxf4
22. Qxf4 Rae8 23. Nce4 f5 24. Qh6 fxe4 25. Nxe4 Rg7 26. Qxh7+ Kxh7 27. Nf6+ Kh6
28. Nxd7 Rxd7 29. Rxe8 Nxe8 30. Rf8 Re7 0-1

[Event "4NCL Division 2a"]
[Site "Telford, ENG"]
[Date "2017.03.04"]
[Round "7.28"]
[White "Sutton, Daniel"]
[Black "Fowler, Hugo"]
[Result "0-1"]
[WhiteElo "1830"]
[BlackElo "1553"]
[PlyCount "82"]
[EventDate "2017.03.04"]
[WhiteTeam "Sussex Martlets 1"]
[BlackTeam "West is Best 1"]

1. e4 e5 2. Nf3 Nc6 3. Bc4 Bc5 4. O-O Nf6 5. d4 Bxd4 6. Nxd4 Nxd4 7. f4 d6 8.
fxe5 dxe5 9. Bg5 Qe7 10. Qd3 c6 11. Nc3 h6 12. Bxf6 gxf6 13. Ne2 Nxe2+ 14. Qxe2
Rg8 15. Rf2 Qc5 16. Raf1 Ke7 17. Kh1 Rg6 18. Qd3 b5 19. Bb3 a5 20. Rd2 Qd4 21.
Qxd4 exd4 22. Rxd4 a4 23. Bxf7 Kxf7 24. e5 Ke6 25. exf6 Rxf6 26. Rxf6+ Kxf6 27.
Rd6+ Be6 28. Rxc6 Rc8 29. Rxc8 Bxc8 30. Kg1 Ke5 31. Kf2 Kd4 32. Ke2 b4 33. Kd2
Be6 34. a3 bxa3 35. bxa3 Bd7 36. h3 Be6 37. g4 Bd7 38. Kc1 Kc3 39. Kb1 Bc6 40.
Kc1 Be4 41. Kb1 Bxc2+ 0-1

[Event "4NCL Division 2a"]
[Site "Telford, ENG"]
[Date "2017.03.04"]
[Round "7.31"]
[White "Jogstad, Martin"]
[Black "Birtwistle, Nigel"]
[Result "0-1"]
[WhiteElo "2294"]
[BlackElo "2142"]
[PlyCount "102"]
[EventDate "2017.03.04"]
[WhiteTeam "CSC Dragons"]
[BlackTeam "Grantham Sharks 2"]

1. d4 Nf6 2. Nf3 c5 3. d5 g6 4. Nc3 Bg7 5. e4 O-O 6. Bc4 b5 7. Bxb5 Nxe4 8.
Nxe4 Qa5+ 9. Nc3 Bxc3+ 10. bxc3 Qxb5 11. Bh6 Re8 12. Qd3 Ba6 13. Qxb5 Bxb5 14.
Nd2 d6 15. c4 Ba4 16. O-O-O Nd7 17. Rde1 Nb6 18. Re3 f6 19. h4 Kf7 20. Rhe1
Rab8 21. Ra3 Rb7 22. Nb3 Reb8 23. Na5 Rc7 24. Kd2 Bd7 25. Rb3 Ba4 26. Ra3 Bd7
27. Ree3 Nc8 28. Reb3 Rb6 29. f3 Ra6 30. Rb8 Rb6 31. Rb3 Ba4 32. R3xb6 axb6 33.
Nb3 Bd7 34. Kc1 Ra7 35. Kb2 Ke8 36. Nd2 Kd8 37. Bf8 f5 38. f4 Kc7 39. Rxc8+
Bxc8 40. Bxe7 Bd7 41. Nf3 Ra8 42. Ng5 Re8 43. Bf6 h6 44. Nh7 Re4 45. Nf8 Rxf4
46. Nxg6 Rg4 47. Nf8 Rg8 48. Nh7 Rxg2 49. h5 Rh2 50. Be7 f4 51. Kc3 f3 0-1

[Event "4NCL Division 2a"]
[Site "Telford, ENG"]
[Date "2017.03.04"]
[Round "7.32"]
[White "Murphy, Hugh W"]
[Black "Frostick, Clive A"]
[Result "1/2-1/2"]
[WhiteElo "2107"]
[BlackElo "2184"]
[PlyCount "43"]
[EventDate "2017.03.04"]
[WhiteTeam "Grantham Sharks 2"]
[BlackTeam "CSC Dragons"]

1. d4 d5 2. Nf3 e6 3. e3 Nd7 4. Bd3 Bd6 5. Nbd2 Ngf6 6. O-O O-O 7. Re1 e5 8. e4
Re8 9. exd5 exd4 10. Rxe8+ Qxe8 11. Nc4 Bc5 12. c3 dxc3 13. Qc2 Nb6 14. Nxb6
Bxb6 15. bxc3 Bg4 16. Bg5 Bxf3 17. Bxf6 Bxd5 18. Bxh7+ Kh8 19. c4 gxf6 20. cxd5
Qe5 21. Rd1 Re8 22. Bd3 1/2-1/2

[Event "4NCL Division 2a"]
[Site "Telford, ENG"]
[Date "2017.03.04"]
[Round "7.33"]
[White "Thompson, Ian D"]
[Black "Varnam, Liam D"]
[Result "1/2-1/2"]
[WhiteElo "2177"]
[BlackElo "2104"]
[PlyCount "170"]
[EventDate "2017.03.04"]
[WhiteTeam "CSC Dragons"]
[BlackTeam "Grantham Sharks 2"]

1. c4 e5 2. g3 Nf6 3. Bg2 d5 4. cxd5 Nxd5 5. Nf3 Nc6 6. O-O Nb6 7. b3 Be7 8.
Bb2 f6 9. d4 exd4 10. Qc1 d3 11. Rd1 O-O 12. Rxd3 Qe8 13. Nc3 Nb4 14. Rd2 c6
15. Ne4 N6d5 16. a3 Na6 17. Nd4 Qf7 18. e3 f5 19. Nc3 Nb6 20. Qc2 Bf6 21. Rad1
Bxd4 22. exd4 Nc7 23. d5 Nbxd5 24. Nxd5 Nxd5 25. Bxd5 cxd5 26. Rxd5 Be6 27.
R5d3 f4 28. Qd2 Qg6 29. Re1 Rae8 30. Rf3 Bh3 31. Rxe8 Rxe8 32. Rxf4 Qc6 33. f3
Qb6+ 34. Qd4 Re1+ 35. Kf2 Rf1+ 36. Ke2 Qxd4 37. Bxd4 Rb1 38. b4 b6 39. Re4 Kf7
40. Rh4 Bf1+ 41. Kd2 Rb3 42. Bc3 h6 43. a4 Ra3 44. Rf4+ Kg8 45. h4 Rxa4 46. Rg4
g5 47. hxg5 hxg5 48. Rxg5+ Kf8 49. Ke3 Ra2 50. Kf4 Rc2 51. Be5 Be2 52. Bd6+ Kf7
53. Ke3 Bf1 54. f4 Ke6 55. Bb8 Ra2 56. g4 Ra4 57. f5+ Kf7 58. Bd6 Ra3+ 59. Kf4
Bg2 60. Rh5 Rh3 61. b5 Bf1 62. Bb8 Rxh5 63. gxh5 Bxb5 64. Bxa7 Kg7 65. Bxb6 Bc4
66. Be3 Bd3 67. Kg5 Be4 68. h6+ Kh7 69. Kf6 Bc2 70. Ke6 Bb3+ 71. Ke7 Bc2 72.
Kf6 Ba4 73. Bg5 Bb3 74. Ke7 Ba2 75. f6 Kg8 76. Be3 Bb3 77. Kd6 Kh7 78. Ke5 Ba2
79. Kd6 Bb3 80. Ke7 Kg8 81. Bg5 Bc4 82. Ke8 Bb5+ 83. Ke7 Bc4 84. h7+ Kxh7 85.
f7 Bxf7 1/2-1/2

[Event "4NCL Division 2a"]
[Site "Telford, ENG"]
[Date "2017.03.04"]
[Round "7.34"]
[White "Kafka, Graeme"]
[Black "Farrand, Tom"]
[Result "1/2-1/2"]
[WhiteElo "2030"]
[BlackElo "2156"]
[PlyCount "137"]
[EventDate "2017.03.04"]
[WhiteTeam "Grantham Sharks 2"]
[BlackTeam "CSC Dragons"]

1. e4 c5 2. Nf3 e6 3. d4 cxd4 4. Nxd4 Nf6 5. Nc3 Nc6 6. Ndb5 d6 7. Bf4 e5 8.
Bg5 a6 9. Na3 b5 10. Nd5 Be7 11. Bxf6 Bxf6 12. c4 b4 13. Nc2 a5 14. g3 Bg5 15.
h4 Bh6 16. Bh3 Bxh3 17. Rxh3 Ne7 18. Nce3 Bxe3 19. Nxe3 Qd7 20. Rh2 Qc6 21. Qd3
Rd8 22. O-O-O a4 23. f4 b3 24. a3 Qc5 25. Kb1 f6 26. Rhd2 Rc8 27. fxe5 Qxe5 28.
Nf5 Nxf5 29. exf5 O-O 30. Re2 Qc5 31. Qd5+ Qxd5 32. cxd5 Rc5 33. Re4 Ra8 34.
Rc1 Rxd5 35. g4 Re5 36. Rd4 d5 37. Rc5 Re1+ 38. Rc1 Rxc1+ 39. Kxc1 Rc8+ 40. Kd1
Rc2 41. Rxa4 Rxb2 42. Rb4 Kf8 43. a4 Ke7 44. Kc1 Rc2+ 45. Kb1 Rc4 46. Rb7+ Kd6
47. Kb2 Rxg4 48. a5 Rxh4 49. Kxb3 Rh1 50. Kb2 Rh4 51. Kb3 Rc4 52. Rxg7 Rc7 53.
Rg8 Ke5 54. Kb4 Kxf5 55. Kb5 h5 56. Kb6 Rh7 57. a6 d4 58. a7 Rxa7 59. Kxa7 h4
60. Kb6 d3 61. Kc5 h3 62. Rg1 Kf4 63. Kd4 d2 64. Kd3 Kf3 65. Kxd2 Kf2 66. Rg6
f5 67. Rf6 h2 68. Rxf5+ Kg2 69. Rg5+ 1/2-1/2

[Event "4NCL Division 2a"]
[Site "Telford, ENG"]
[Date "2017.03.04"]
[Round "7.35"]
[White "Coates, Kenneth G"]
[Black "Batchelor, Guy J"]
[Result "1-0"]
[WhiteElo "2132"]
[BlackElo "1946"]
[PlyCount "33"]
[EventDate "2017.03.04"]
[WhiteTeam "CSC Dragons"]
[BlackTeam "Grantham Sharks 2"]

1. d4 Nf6 2. Nf3 e6 3. Bf4 d5 4. e3 Be7 5. c4 O-O 6. Nc3 c6 7. h3 Nbd7 8. Bd3
Re8 9. O-O Nf8 10. Rc1 Ng6 11. Bg3 Bf8 12. Qe2 Bd7 13. Rfd1 Qa5 14. Ne5 a6 15.
c5 Qd8 16. Na4 Bc8 17. Nb6 1-0

[Event "4NCL Division 2a"]
[Site "Telford, ENG"]
[Date "2017.03.04"]
[Round "7.36"]
[White "David, Ivan"]
[Black "Purdon, Colin"]
[Result "1/2-1/2"]
[WhiteElo "1883"]
[BlackElo "2054"]
[PlyCount "74"]
[EventDate "2017.03.04"]
[WhiteTeam "Grantham Sharks 2"]
[BlackTeam "CSC Dragons"]

1. d4 d5 2. Bf4 c5 3. e3 Nc6 4. c3 Nf6 5. Nd2 Bf5 6. Qb3 Qc8 7. Ngf3 e6 8. Nh4
Bg4 9. h3 Bh5 10. g4 Bg6 11. Nxg6 hxg6 12. Bg2 Be7 13. O-O O-O 14. Rac1 Qd7 15.
Rfd1 Rfd8 16. Nf3 Bd6 17. Ne5 Qe7 18. Nxc6 bxc6 19. Bg5 Rdb8 20. Qc2 Qb7 21.
dxc5 Bxc5 22. b4 Be7 23. Bf4 Rd8 24. e4 Nxe4 25. Bxe4 dxe4 26. Qxe4 Qa6 27. Bc7
Rd5 28. c4 Rxd1+ 29. Rxd1 Bxb4 30. Rd7 Rf8 31. Bf4 Qxa2 32. Qxc6 Qa3 33. Be3 a5
34. Kg2 Qb3 35. Ra7 Qd3 36. Rd7 Qb3 37. Ra7 Qd3 1/2-1/2

[Event "4NCL Division 2a"]
[Site "Telford, ENG"]
[Date "2017.03.04"]
[Round "7.37"]
[White "Amato, Giampiero"]
[Black "Summerscale, Claire E"]
[Result "1-0"]
[WhiteElo "2015"]
[BlackElo "1886"]
[PlyCount "35"]
[EventDate "2017.03.04"]
[WhiteTeam "CSC Dragons"]
[BlackTeam "Grantham Sharks 2"]

1. e4 d5 2. exd5 Qxd5 3. Nc3 Qd8 4. d4 Nf6 5. Bc4 e6 6. Nf3 c6 7. O-O Be7 8.
Re1 Nbd7 9. Qe2 Nb6 10. Bd3 O-O 11. Ne4 Nbd5 12. c4 Nxe4 13. Qxe4 Nf6 14. Qh4
c5 15. Bg5 g6 16. d5 Re8 17. Rad1 Bd7 18. d6 1-0

[Event "4NCL Division 2a"]
[Site "Telford, ENG"]
[Date "2017.03.04"]
[Round "7.38"]
[White "Munshi, Aditya"]
[Black "Vachtfeidl, Petr"]
[Result "1-0"]
[WhiteElo "1803"]
[BlackElo "1983"]
[PlyCount "35"]
[EventDate "2017.03.04"]
[WhiteTeam "Grantham Sharks 2"]
[BlackTeam "CSC Dragons"]

1. c4 g6 2. e4 e5 3. d4 exd4 4. Qxd4 Nf6 5. Bg5 Bg7 6. e5 Nc6 7. exf6 O-O 8.
Qc3 Re8+ 9. Be2 Bf8 10. a3 d5 11. cxd5 Qxd5 12. Be3 Bf5 13. Nf3 Rad8 14. O-O a5
15. Bc4 Qd7 16. Nbd2 Bd3 17. Bxf7+ Qxf7 18. Ng5 1-0

[Event "4NCL Division 2a"]
[Site "Telford, ENG"]
[Date "2017.03.04"]
[Round "7.41"]
[White "Snape, Ian L"]
[Black "Buckley, David E"]
[Result "1-0"]
[WhiteElo "2282"]
[BlackElo "2274"]
[PlyCount "83"]
[EventDate "2017.03.04"]
[WhiteTeam "The ADs"]
[BlackTeam "Downend & Fishponds"]

1. e4 Nf6 2. e5 Nd5 3. d4 d6 4. Nf3 dxe5 5. Nxe5 c6 6. Bd3 Nd7 7. Nf3 N7f6 8.
a3 Bg4 9. O-O e6 10. h3 Bh5 11. c4 Nb6 12. Be3 Be7 13. Nbd2 e5 14. Be2 exd4 15.
Nxd4 Bg6 16. N2f3 c5 17. Nb5 Qxd1 18. Rfxd1 O-O 19. Ne5 Bc2 20. Rdc1 Be4 21. g4
Nfd7 22. Nc3 Nxe5 23. Nxe4 Rac8 24. b3 f5 25. gxf5 Nbd7 26. Rd1 Rcd8 27. Ra2 b6
28. Rad2 Nb8 29. Rxd8 Rxd8 30. Rxd8+ Bxd8 31. Nc3 Nbc6 32. f4 Nf7 33. Nd5 Nd6
34. Bd3 Bf6 35. Nxf6+ gxf6 36. b4 cxb4 37. c5 bxa3 38. cxd6 Kf8 39. Bc1 a2 40.
Bb2 Nb4 41. Bc4 b5 42. Bxb5 1-0

[Event "4NCL Division 2a"]
[Site "Telford, ENG"]
[Date "2017.03.04"]
[Round "7.42"]
[White "Makepeace, Philip J"]
[Black "Richardson, John R"]
[Result "1-0"]
[WhiteElo "2073"]
[BlackElo "2282"]
[PlyCount "89"]
[EventDate "2017.03.04"]
[WhiteTeam "Downend & Fishponds"]
[BlackTeam "The ADs"]

1. Nf3 Nf6 2. c4 e6 3. Nc3 Bb4 4. Qc2 O-O 5. e3 b6 6. d4 Bb7 7. Bd3 c5 8. Bd2
d5 9. cxd5 exd5 10. O-O c4 11. Bf5 g6 12. Bh3 Re8 13. Ne5 Bxc3 14. Bxc3 Ne4 15.
f4 f6 16. Nf3 Nc6 17. f5 g5 18. Bg4 Qd6 19. Nd2 b5 20. Bh5 Re7 21. Nxe4 Rxe4
22. Rf3 Qe7 23. Qf2 a5 24. Rh3 Kg7 25. Re1 b4 26. Bd2 Qd7 27. Bf3 Ree8 28. e4
dxe4 29. Bh5 Qxd4 30. Be3 Qe5 31. Bxe8 Rxe8 32. Rd1 Bc8 33. g4 Rf8 34. Rh5 c3
35. bxc3 bxc3 36. Kg2 Rf7 37. h4 c2 38. Qxc2 Bxf5 39. Qxc6 Bxg4 40. Rxg5+ fxg5
41. Bd4 Bh3+ 42. Kxh3 Rf3+ 43. Kg2 Rg3+ 44. Kf1 Rf3+ 45. Ke2 1-0

[Event "4NCL Division 2a"]
[Site "Telford, ENG"]
[Date "2017.03.04"]
[Round "7.43"]
[White "Swindells, Jonathan E"]
[Black "Russell, Christopher"]
[Result "1-0"]
[WhiteElo "2312"]
[BlackElo "2114"]
[PlyCount "79"]
[EventDate "2017.03.04"]
[WhiteTeam "The ADs"]
[BlackTeam "Downend & Fishponds"]

1. e4 e6 2. Qe2 Nc6 3. f4 d5 4. exd5 Qxd5 5. Nc3 Qf5 6. Qe4 Qxe4+ 7. Nxe4 Nb4
8. Bb5+ Bd7 9. Bxd7+ Kxd7 10. Kd1 Nd5 11. Nf3 Rd8 12. d3 f6 13. a3 c5 14. c4
Nc7 15. Be3 Nh6 16. Ke2 b6 17. b4 Nf5 18. Bf2 Kc6 19. g4 Nd4+ 20. Bxd4 cxd4 21.
g5 Bd6 22. Nxd4+ Kb7 23. Nxd6+ Rxd6 24. Nf3 e5 25. gxf6 gxf6 26. fxe5 fxe5 27.
Ng5 Rg8 28. Rag1 Rdg6 29. Nf3 Ne6 30. Rxg6 Rxg6 31. Rg1 Nd4+ 32. Ke3 Rxg1 33.
Nxg1 Nc2+ 34. Ke4 Nxa3 35. b5 Nc2 36. Nf3 a6 37. bxa6+ Kxa6 38. Kxe5 b5 39.
cxb5+ Kxb5 40. Nd4+ 1-0